[Event "Pere Noel U1800"]
[Site "Montreal CAN"]
[Date "2022.12.27"]
[Round "1.34"]
[White "Hake, Dylan"]
[Black "Madanchi, Ata"]
[Result "0-1"]
[WhiteElo "1365"]
[BlackElo "1512"]
[PlyCount "77"]
[EventDate "2022.12.27"]
[EventType "swiss"]
[EventRounds "5"]
[EventCountry "CAN"]

1. d4 d5 2. c4 e6 3. Nf3 Nf6 4. g3 Be7 5. Bg2 O-O 6. O-O dxc4 7. Qc2 b5 8. a4
b4 9. Nbd2 Bb7 10. Nxc4 Be4 11. Qb3 Nc6 12. Rd1 Bd5 13. a5 Bxf3 14. Bxf3 Nxd4
15. Qd3 Nxf3+ 16. exf3 Qxd3 17. Rxd3 Rad8 18. Rxd8 Rxd8 19. Be3 c5 20. a6 Nd5
21. Kf1 Nxe3+ 22. fxe3 Bf6 23. Ke2 Kf8 24. Ra5 Rc8 25. Rb5 Bd8 26. Rb7 Rc7 27.
Na5 Ke8 28. Kd3 Rd7+ 29. Rxd7 Kxd7 30. Nb7 Be7 31. Kc4 Kc6 32. b3 Kb6 33. e4 h6
34. f4 h5 35. h3 g6 36. e5 Kc6 37. h4 f6 38. Nd6 Bxd6 39. exd6 {...} 0-1

[Event "Pere Noel U1800"]
[Site "Montreal CAN"]
[Date "2022.12.27"]
[Round "1.35"]
[White "Bergeron, Jean-Guy"]
[Black "Sanders, Marcus"]
[Result "0-1"]
[WhiteElo "1507"]
[BlackElo "1341"]
[PlyCount "40"]
[EventDate "2022.12.27"]
[EventType "swiss"]
[EventRounds "5"]
[EventCountry "CAN"]

1. c4 c6 2. Nc3 d5 3. cxd5 cxd5 4. d4 e6 5. Nf3 Nc6 6. Bg5 Nf6 7. e3 a6 8. Ne5
Nxe5 9. dxe5 h6 10. Qa4+ Bd7 11. Qh4 hxg5 12. Qxh8 Ne4 13. Bd3 Nxc3 14. bxc3
Qa5 15. Kd2 Qc7 16. f4 gxf4 17. exf4 Qb6 18. Qh4 Qb2+ 19. Bc2 d4 20. Qf2 Qxc3+
0-1

[Event "Pere Noel U1800"]
[Site "Montreal CAN"]
[Date "2022.12.27"]
[Round "1.36"]
[White "Lau, Jonathan"]
[Black "Presseau, Matteo"]
[Result "1-0"]
[WhiteElo "1324"]
[BlackElo "1460"]
[PlyCount "91"]
[EventDate "2022.12.27"]
[EventType "swiss"]
[EventRounds "5"]
[EventCountry "CAN"]

1. d4 g6 2. Nf3 Bg7 3. c4 d6 4. Nc3 Nf6 5. e4 O-O 6. Be2 Nbd7 7. Be3 Ng4 8. Bg5
c5 9. h3 cxd4 10. Nxd4 Nge5 11. O-O h6 12. Be3 Nc5 13. f4 Ned7 14. b4 Ne6 15.
f5 Nxd4 16. Bxd4 Ne5 17. Rc1 g5 18. c5 a5 19. a3 axb4 20. axb4 e6 21. cxd6 exf5
22. exf5 Re8 23. Nb5 Ra2 24. Rc7 Rxe2 25. Qxe2 Nc6 26. Qc4 Bxd4+ 27. Nxd4 Ne5
28. Qd5 Bd7 29. Qxb7 Qf6 30. Qd5 Rb8 31. Re1 Nd3 32. Re7 Be8 33. Rxe8+ Rxe8 34.
d7 Rd8 35. Rc8 Kg7 36. b5 Qe7 37. Rxd8 Qe3+ 38. Kh2 Qf4+ 39. g3 Qf2+ 40. Qg2
Qxd4 41. f6+ Kxf6 42. Qf3+ Kg7 43. Rg8+ Kxg8 44. Qa8+ Kg7 45. d8=Q Qe3 46. Qh8+
1-0

[Event "Pere Noel U1800"]
[Site "Montreal CAN"]
[Date "2022.12.27"]
[Round "1.37"]
[White "Sairam, Amuddan"]
[Black "Tremblay, Xavier"]
[Result "1-0"]
[WhiteElo "1440"]
[BlackElo "1213"]
[PlyCount "47"]
[EventDate "2022.12.27"]
[EventType "swiss"]
[EventRounds "5"]
[EventCountry "CAN"]

1. e4 c5 2. Nf3 Nc6 3. d4 cxd4 4. Nxd4 Nf6 5. Nc3 d6 6. Be2 Bd7 7. Be3 a6 8.
O-O e5 9. Nb3 Be6 10. f4 b5 11. a3 g6 12. Qd2 Ng4 13. Bxg4 Bxg4 14. f5 gxf5 15.
exf5 f6 16. Nd5 Rb8 17. Bh6 Be7 18. Bg7 Rg8 19. Qh6 Be2 20. Qxh7 Rxg7 21. Qxg7
Bxf1 22. Qg8+ Kd7 23. Qe6+ Ke8 24. Nxf6+ 1-0

[Event "Pere Noel U1800"]
[Site "Montreal CAN"]
[Date "2022.12.27"]
[Round "1.38"]
[White "Hu, Richard"]
[Black "Rauch, Damian"]
[Result "0-1"]
[WhiteElo "1201"]
[BlackElo "1432"]
[PlyCount "92"]
[EventDate "2022.12.27"]
[EventType "swiss"]
[EventRounds "5"]
[EventCountry "CAN"]

1. e4 e5 2. Nf3 Nf6 3. Nc3 Nc6 4. Bb5 Bc5 5. O-O O-O 6. d3 d6 7. Bg5 h6 8. Bh4
Bg4 9. Bxc6 bxc6 10. Ne2 Bxf3 11. gxf3 g5 12. Bg3 Nh5 13. d4 exd4 14. Nxd4 Qd7
15. Nf5 Qe6 16. Qd3 Rad8 17. Qc3 Kh7 18. b4 Bb6 19. Qxc6 Ng7 20. Nxg7 Kxg7 21.
Qd5 Qf6 22. e5 Qf5 23. Qe4 Qxe4 24. fxe4 Bd4 25. Rac1 Bxe5 26. f4 Bc3 27. b5
Rfe8 28. Rf3 Bd4+ 29. Bf2 Bxf2+ 30. Kxf2 Rxe4 31. fxg5 hxg5 32. Rg1 f6 33. Re3
Rde8 34. Rxe4 Rxe4 35. Re1 Rxe1 36. Kxe1 f5 37. Kf2 Kf6 38. Kf3 Ke5 39. Kg3 Ke4
40. h3 f4+ 41. Kf2 f3 42. a3 d5 43. a4 Kf4 44. a5 d4 45. a6 Ke4 46. c4 dxc3 0-1

[Event "Pere Noel U1800"]
[Site "Montreal CAN"]
[Date "2022.12.27"]
[Round "2.25"]
[White "Madanchi, Ata"]
[Black "Deboosere, Adam"]
[Result "0-1"]
[WhiteElo "1512"]
[BlackElo "1750"]
[PlyCount "90"]
[EventDate "2022.12.27"]
[EventType "swiss"]
[EventRounds "5"]
[EventCountry "CAN"]

1. e4 c6 2. d4 d5 3. exd5 cxd5 4. Nf3 Nc6 5. Ne5 Qb6 6. c3 Nf6 7. Bd3 g6 8. Qe2
Bg7 9. f4 Bf5 10. Nd2 Bxd3 11. Qxd3 Nh5 12. Ndf3 Nf6 13. O-O Ne4 14. Kh1 h5 15.
Nd2 Bxe5 16. fxe5 Nxd2 17. Bxd2 Rh7 18. e6 f5 19. Qg3 Rg7 20. b4 O-O-O 21. Rxf5
Qc7 22. Qxc7+ Kxc7 23. Rg5 Rgg8 24. Re1 b5 25. Bf4+ Kb6 26. g3 a5 27. a3 a4 28.
Kg2 Na7 29. Be5 Rdf8 30. Bf4 Kc6 31. Ree5 Rd8 32. g4 h4 33. Re2 Rdf8 34. Be3
Nc8 35. Bf2 h3+ 36. Kxh3 Rf3+ 37. Bg3 Rxc3 38. Ree5 Nb6 39. Ref5 Rh8+ 40. Kg2
gxf5 41. gxf5 Nc4 42. Rg7 Ne3+ 43. Kf2 Nxf5 44. Rf7 Nxg3 45. hxg3 Kd6 0-1

[Event "Pere Noel U1800"]
[Site "Montreal CAN"]
[Date "2022.12.27"]
[Round "2.26"]
[White "Baran, Marius"]
[Black "Tachijian, Mardig"]
[Result "1/2-1/2"]
[WhiteElo "1726"]
[BlackElo "1515"]
[PlyCount "90"]
[EventDate "2022.12.27"]
[EventType "swiss"]
[EventRounds "5"]
[EventCountry "CAN"]

1. d4 d5 2. c4 e6 3. Nc3 Nf6 4. cxd5 exd5 5. Bg5 Be7 6. e3 c6 7. Bd3 h6 8. Bxf6
Bxf6 9. Qc2 O-O 10. Nge2 a6 11. O-O Be6 12. Na4 Qc7 13. Rfc1 Be7 14. Nf4 Bd6
15. Nxe6 Bxh2+ 16. Kh1 fxe6 17. g3 Bxg3 18. fxg3 Qxg3 19. Rg1 Qh3+ 20. Qh2
Qxh2+ 21. Kxh2 Nd7 22. Raf1 e5 23. Bf5 Rad8 24. Be6+ Kh8 25. Bxd7 Rxf1 26. Rxf1
Rxd7 27. Rf8+ Kh7 28. Re8 exd4 29. exd4 Kg6 30. Nc5 Rf7 31. Kg3 Rf1 32. Nxb7
Rd1 33. Re6+ Kg5 34. Rxc6 Rxd4 35. Rc3 h5 36. Nc5 Rd2 37. Rd3 h4+ 38. Kh3 Rxb2
39. Rxd5+ Kf6 40. Rd6+ Kf5 41. Rxa6 g5 42. Ra5 Rc2 43. Nd7+ Kf4 44. Ra4+ Kf5
45. Ra5+ Kf4 1/2-1/2

[Event "Pere Noel U1800"]
[Site "Montreal CAN"]
[Date "2022.12.27"]
[Round "2.27"]
[White "Rauch, Damian"]
[Black "Kozlov, Guennadi"]
[Result "1/2-1/2"]
[WhiteElo "1432"]
[BlackElo "1696"]
[PlyCount "75"]
[EventDate "2022.12.27"]
[EventType "swiss"]
[EventRounds "5"]
[EventCountry "CAN"]

1. e4 e6 2. d4 d5 3. Nc3 Nf6 4. e5 Nfd7 5. f4 c5 6. Nf3 Nc6 7. Be3 Qb6 8. Na4
Qa5+ 9. c3 cxd4 10. Nxd4 Nb6 11. Nxb6 Qxb6 12. Qd2 Nxd4 13. Bxd4 Bc5 14. b4
Bxd4 15. cxd4 Bd7 16. Be2 Rc8 17. O-O O-O 18. Rac1 g6 19. Rc5 a6 20. Rfc1 Rxc5
21. dxc5 Qa7 22. Kh1 Rc8 23. Qd1 a5 24. a3 axb4 25. axb4 Qa3 26. Qd2 Ra8 27. b5
Rc8 28. Qc3 Qa4 29. Qb2 Qa7 30. Qb4 Qa2 31. Bd3 Ra8 32. Qc3 Ra3 33. Qb4 Rxd3
34. c6 bxc6 35. Qe7 Qa3 36. Qd8+ Kg7 37. Qf6+ Kh6 38. Qg5+ 1/2-1/2

[Event "Pere Noel U1800"]
[Site "Montreal CAN"]
[Date "2022.12.27"]
[Round "2.28"]
[White "Brassard, Sylvain"]
[Black "Sairam, Amuddan"]
[Result "1-0"]
[WhiteElo "1688"]
[BlackElo "1440"]
[PlyCount "150"]
[EventDate "2022.12.27"]
[EventType "swiss"]
[EventRounds "5"]
[EventCountry "CAN"]

1. d4 Nf6 2. Bf4 d5 3. e3 c5 4. c3 Nc6 5. Nd2 Bf5 6. Ngf3 Qb6 7. Qb3 c4 8. Qxb6
axb6 9. Be2 e6 10. O-O Be7 11. h3 b5 12. Ne5 h6 13. Rfe1 O-O 14. Nxc6 bxc6 15.
Bf3 b4 16. e4 Nxe4 17. Bxe4 Bxe4 18. Nxe4 dxe4 19. cxb4 Bxb4 20. Rxe4 Rfc8 21.
a3 c3 22. Rb1 Be7 23. bxc3 Rxa3 24. c4 Rd3 25. Rb8 Rxb8 26. Bxb8 Bf6 27. Ba7
Rc3 28. d5 cxd5 29. cxd5 exd5 30. Re1 Rc7 31. Be3 d4 32. Bd2 Kh7 33. Kf1 g5 34.
Ke2 Kg6 35. g4 Re7+ 36. Kd3 Ra7 37. f3 Bg7 38. Bb4 Rb7 39. Bc5 Rb3+ 40. Ke4 Rb8
41. Re2 Rb3 42. Re1 Rb2 43. Bxd4 Bxd4 44. Kxd4 Rh2 45. Ra1 Rxh3 46. Ra6+ f6 47.
Ke3 Rh1 48. f4 Re1+ 49. Kf2 Re4 50. f5+ Kf7 51. Kg3 Re3+ 52. Kf2 Re7 53. Kf3
Rb7 54. Kg3 Rb3+ 55. Kg2 Re3 56. Ra7+ Re7 57. Ra6 Re8 58. Ra7+ Re7 59. Ra6 Kg7
60. Kf3 Rf7 61. Ra8 Kh7 62. Rb8 Rc7 63. Rb3 h5 64. gxh5 Kh6 65. Rb6 Kxh5 66.
Rxf6 Rc3+ 67. Ke4 g4 68. Rg6 Rc8 69. Rg7 Rc4+ 70. Kd5 Rc8 71. f6 Re8 72. f7 Rf8
73. Ke5 g3 74. Kf5 Rh8 75. Rxg3 Kh6 1-0

[Event "Pere Noel U1800"]
[Site "Montreal CAN"]
[Date "2022.12.27"]
[Round "2.29"]
[White "Sanders, Marcus"]
[Black "Bardyn, Renaud"]
[Result "1-0"]
[WhiteElo "1341"]
[BlackElo "1684"]
[PlyCount "73"]
[EventDate "2022.12.27"]
[EventType "swiss"]
[EventRounds "5"]
[EventCountry "CAN"]

1. d4 d5 2. Nf3 e6 3. Bf4 c5 4. e3 Nc6 5. Nbd2 cxd4 6. exd4 h6 7. c3 Nge7 8.
Ne5 Nxe5 9. Bxe5 Ng6 10. Bg3 Bd6 11. Bxd6 Qxd6 12. Bb5+ Bd7 13. Bxd7+ Qxd7 14.
O-O O-O 15. Re1 f6 16. Qg4 Kf7 17. Qh5 Rae8 18. Nf3 Re7 19. Nh4 Qe8 20. Nxg6
Kg8 21. Nxe7+ Qxe7 22. Qxd5 Re8 23. Qb3 g5 24. Re3 Qd7 25. Rae1 Kf7 26. Qd1 Kg6
27. h4 Qd5 28. h5+ Kf7 29. Qd3 f5 30. c4 Qd7 31. d5 e5 32. Rxe5 Rxe5 33. Rxe5
f4 34. Re6 Kf8 35. Qf5+ Kg8 36. Rg6+ Kh8 37. Qxd7 1-0

[Event "Pere Noel U1800"]
[Site "Montreal CAN"]
[Date "2022.12.27"]
[Round "2.30"]
[White "Bedard, Michel"]
[Black "Guillemette, Thomas"]
[Result "1/2-1/2"]
[WhiteElo "1651"]
[BlackElo "1374"]
[PlyCount "121"]
[EventDate "2022.12.27"]
[EventType "swiss"]
[EventRounds "5"]
[EventCountry "CAN"]

1. d4 Nf6 2. Nc3 g6 3. Bf4 Bg7 4. e4 d6 5. Qd2 O-O 6. Bh6 Nc6 7. Bxg7 Kxg7 8.
O-O-O a6 9. Be2 b5 10. a3 b4 11. axb4 Nxb4 12. h4 h5 13. Nf3 c5 14. dxc5 Qa5
15. Qe3 Ng4 16. Qd4+ e5 17. Qxd6 Nxf2 18. Ng5 Na2+ 19. Nxa2 Qxa2 20. Qxe5+ Kg8
21. b3 Nxh1 22. Rxh1 Qa5 23. Bc4 Qd8 24. Re1 Ra7 25. Rd1 Qe7 26. Bxf7+ Rxf7 27.
Nxf7 Kxf7 28. Rf1+ Kg8 29. Qb8 Rc7 30. b4 a5 31. Qb6 Kg7 32. c6 axb4 33. Qd4+
Kh7 34. Rf6 Be6 35. e5 b3 36. Qd6 Qxd6 37. exd6 Rxc6 38. Rxe6 Rxc2+ 39. Kd1 Rc5
40. Re2 Rd5+ 41. Kc1 Rxd6 42. Re3 b2+ 43. Kxb2 Rd2+ 44. Kc3 Rxg2 45. Rh3 Kg7
46. Kd3 Kf6 47. Ke3 Ra2 48. Rh1 Kf5 49. Rf1+ Ke5 50. Kf3 Ra3+ 51. Kg2 Ra4 52.
Kh3 Rf4 53. Ra1 Rd4 54. Rg1 Rd3+ 55. Kh2 Kf5 56. Rg5+ Kf6 57. Ra5 Re3 58. Ra1
g5 59. Ra6+ Kf5 60. Ra5+ Kg4 61. hxg5 1/2-1/2

[Event "Pere Noel U1800"]
[Site "Montreal CAN"]
[Date "2022.12.27"]
[Round "2.32"]
[White "Jutras, Arnaud"]
[Black "Lau, Jonathan"]
[Result "1-0"]
[WhiteElo "1545"]
[BlackElo "1324"]
[PlyCount "78"]
[EventDate "2022.12.27"]
[EventType "swiss"]
[EventRounds "5"]
[EventCountry "CAN"]

1. c4 c6 2. Nf3 d5 3. d4 Nf6 4. g3 Bf5 5. Bg2 dxc4 6. Ne5 e6 7. O-O Be7 8. Nxc4
Nbd7 9. Nc3 O-O 10. e4 Bg6 11. f4 b5 12. Ne5 Nxe5 13. fxe5 Nd7 14. h4 h6 15.
Qg4 Qb6 16. Be3 c5 17. Rad1 cxd4 18. Bxd4 Qc6 19. h5 Bh7 20. Nd5 Bc5 21. Nc3
Bxd4+ 22. Rxd4 Nxe5 23. Qe2 a6 24. Rfd1 Qb6 25. Kh1 Rad8 26. Qf2 Rxd4 27. Qxd4
Qxd4 28. Rxd4 Rc8 29. Ne2 g6 30. hxg6 Bxg6 31. Rd2 Rc4 32. b3 Rc7 33. Kg1 Kg7
34. Kf2 Ng4+ 35. Kf3 Bh5 36. Nf4 Ne5+ 37. Ke3 Rc3+ 38. Kd4 Nf3+ 39. Kxc3 Nxd2
1-0

[Event "Pere Noel U1800"]
[Site "Montreal CAN"]
[Date "2022.12.27"]
[Round "2.33"]
[White "Amari, Mathias"]
[Black "Bergeron, Jean-Guy"]
[Result "1-0"]
[WhiteElo "1404"]
[BlackElo "1507"]
[PlyCount "91"]
[EventDate "2022.12.27"]
[EventType "swiss"]
[EventRounds "5"]
[EventCountry "CAN"]

1. e4 Nc6 2. Nf3 d5 3. exd5 Qxd5 4. Nc3 Qh5 5. Be2 Bg4 6. d3 O-O-O 7. Be3 e6 8.
Ne4 Nf6 9. Ng3 Qa5+ 10. Qd2 Bb4 11. c3 Bd6 12. O-O Bxg3 13. fxg3 Qh5 14. Qc2
Nd5 15. Bf2 Ne5 16. Nxe5 Bxe2 17. Rfe1 Qxe5 18. Qxe2 Qf5 19. Qe4 Qxe4 20. Rxe4
Nf6 21. Rd4 e5 22. Rxd8+ Rxd8 23. Rd1 e4 24. d4 Ng4 25. h3 Nxf2 26. Kxf2 c5 27.
Ke3 f5 28. g4 g6 29. gxf5 gxf5 30. g4 cxd4+ 31. Rxd4 Rg8 32. gxf5 Rg3+ 33. Kxe4
Rxh3 34. f6 Rh2 35. Kf5 Rf2+ 36. Ke6 Re2+ 37. Kf7 Rg2 38. Kf8 h5 39. f7 Kc7 40.
Ke7 Re2+ 41. Kf6 Rf2+ 42. Ke6 Re2+ 43. Kf5 Rf2+ 44. Rf4 Rd2 45. f8=Q Rd5+ 46.
Kg6 1-0

[Event "Pere Noel U1800"]
[Site "Montreal CAN"]
[Date "2022.12.27"]
[Round "2.34"]
[White "Presseau, Matteo"]
[Black "Mourad, Michel"]
[Result "1/2-1/2"]
[WhiteElo "1460"]
[BlackElo "1384"]
[PlyCount "184"]
[EventDate "2022.12.27"]
[EventType "swiss"]
[EventRounds "5"]
[EventCountry "CAN"]

1. d4 d5 2. c4 e6 3. Nc3 Nf6 4. cxd5 exd5 5. Bg5 h6 6. Bh4 Be7 7. e3 O-O 8. Bd3
c6 9. Nge2 Bg4 10. Qc2 Nbd7 11. f3 Be6 12. e4 Nb6 13. e5 Nfd7 14. Bxe7 Qxe7 15.
f4 f5 16. g4 Qh4+ 17. Kd2 Qxg4 18. Rag1 Qh4 19. Rg3 Rf7 20. b3 Kh8 21. Qc1 Rg8
22. Kc2 Qe7 23. Rhg1 Nb8 24. Rg6 N6d7 25. Qe3 Nf8 26. R6g2 Nh7 27. Rg6 Nf8 28.
R6g2 Nbd7 29. Qh3 Qd8 30. Ng3 Ng6 31. Nge2 Ne7 32. Nd1 Nf8 33. Ne3 Qa5 34. a4
c5 35. Ng3 cxd4 36. Nd1 Nd7 37. Nh5 Qb6 38. Bb5 a6 39. Bxd7 Bxd7 40. Kb2 Bxa4
41. e6 Qxe6 42. bxa4 Qb6+ 43. Ka1 Qc6 44. Nb2 Qc3 45. Rg3 Qc6 46. Rd3 Qb6 47.
Ng3 Ng6 48. Ne2 Re8 49. Rb3 Qf6 50. Qd3 Re3 51. Qc2 Re4 52. Nd3 Rfe7 53. Ng3
R4e6 54. Qc8+ Kh7 55. Rxb7 Rxb7 56. Qxb7 Rb6 57. Qxd5 Ne7 58. Qa2 Ng6 59. Ne2
a5 60. Qc4 Rd6 61. Rc1 Ne7 62. Ka2 Rc6 63. Qxd4 Qe6+ 64. Ka3 Qxe2 65. Rxc6 Nxc6
66. Qd7 Qe7+ 67. Qxe7 Nxe7 68. Kb3 g5 69. Kc4 g4 70. Kb5 h5 71. Kxa5 h4 72. Kb6
g3 73. hxg3 hxg3 74. Ne1 Nd5+ 75. Kb7 Nxf4 76. a5 Nd3 77. Nf3 Kg6 78. Kb6 Nb4
79. Kb5 Nd5 80. Kc5 Nc7 81. Kb6 Nd5+ 82. Kc5 Nc7 83. Kd6 Na6 84. Ke5 Kf7 85.
Kxf5 Ke7 86. Ke5 Kd7 87. Kd5 Nb4+ 88. Kc5 Na6+ 89. Kb5 g2 90. Ng1 Nc7+ 91. Kb4
Kc6 92. Nf3 Ne6 {...} 1/2-1/2

[Event "Pere Noel U1800"]
[Site "Montreal CAN"]
[Date "2022.12.27"]
[Round "2.35"]
[White "Rebhi, Mohamed"]
[Black "Jodoin, Gabriel"]
[Result "0-1"]
[WhiteElo "1424"]
[BlackElo "1380"]
[PlyCount "128"]
[EventDate "2022.12.27"]
[EventType "swiss"]
[EventRounds "5"]
[EventCountry "CAN"]

1. d4 Nf6 2. Bf4 e6 3. Nf3 d5 4. e3 c5 5. Nbd2 Qb6 6. Qc1 Nc6 7. c3 Nh5 8. Be2
Nxf4 9. exf4 cxd4 10. cxd4 Nxd4 11. Nxd4 Qxd4 12. Bb5+ Bd7 13. Bxd7+ Kxd7 14.
Nf3 Qe4+ 15. Qe3 Qb4+ 16. Nd2 Bc5 17. Qb3 Qxf4 18. Qxb7+ Kd6 19. Qa6+ Bb6 20.
Qa3+ Kd7 21. Qf3 Qe5+ 22. Kf1 f6 23. g3 Qxb2 24. Rd1 Qxa2 25. Kg2 Rac8 26. Rhe1
Qa4 27. Qh5 Ke7 28. Qxd5 Qc6 29. Qxc6 Rxc6 30. Nb1 Rd8 31. Rc1 Rdc8 32. Rcd1
Rc2 33. Nd2 Ba5 34. Re2 Rd8 35. Ra1 Rcxd2 36. Rxd2 Bxd2 37. Rxa7+ Rd7 38. Ra8
Kf7 39. h4 h5 40. Ra4 Bc3 41. Rc4 Ba5 42. Rc5 Rd5 43. Rc2 Rd2 44. Rc6 Rb2 45.
Ra6 Bb6 46. Ra8 Rxf2+ 47. Kh3 Bd4 48. Rb8 Rf3 49. Rb7+ Kg6 50. Rb5 Be5 51. Kg2
Rxg3+ 52. Kf2 Rg4 53. Kf3 Rxh4 54. Rb6 Kf5 55. Rb5 g5 56. Ke2 g4 57. Kf2 g3+
58. Kf3 Rf4+ 59. Kg2 h4 60. Rxe5+ Kxe5 61. Kh3 Rf2 62. Kxh4 g2 63. Kh3 g1=Q 64.
Kh4 Rh2# 0-1

[Event "Pere Noel U1800"]
[Site "Montreal CAN"]
[Date "2022.12.27"]
[Round "2.36"]
[White "Luksza, Patrik"]
[Black "Berthiaume, Yves"]
[Result "1-0"]
[WhiteElo "1366"]
[BlackElo "1416"]
[PlyCount "113"]
[EventDate "2022.12.27"]
[EventType "swiss"]
[EventRounds "5"]
[EventCountry "CAN"]

1. e4 c6 2. d4 d5 3. e5 c5 4. c3 Nc6 5. Bb5 Bd7 6. Nf3 e6 7. O-O cxd4 8. cxd4
Nge7 9. Bg5 Qb6 10. Nc3 Nf5 11. Bxc6 bxc6 12. b3 c5 13. Be3 Be7 14. Qd3 cxd4
15. Bxd4 Nxd4 16. Nxd4 O-O 17. Nf3 Rac8 18. Rac1 Bb4 19. Ng5 g6 20. Nce4 Bb5
21. Nf6+ Kg7 22. Qh3 h6 23. Rfd1 Qb8 24. Nf3 Be2 25. Nd7 Qb7 26. Nxf8 Bxd1 27.
Nxe6+ fxe6 28. Rxd1 Qe7 29. Nd4 Re8 30. Qg4 Bc5 31. g3 Bxd4 32. Rxd4 Rc8 33.
Ra4 Rc7 34. Qd4 Qf7 35. Ra6 Kh7 36. a4 h5 37. b4 Kh6 38. Qd2+ Kg7 39. Qe3 Qd7
40. b5 d4 41. Qg5 Kh7 42. Rd6 Qc8 43. Rxd4 Rc1+ 44. Kg2 Qb7+ 45. Kh3 Rg1 46.
Kh4 Rh1 47. Qd8 g5+ 48. Kxg5 Qg7+ 49. Kf4 Qg4+ 50. Ke3 Re1+ 51. Kd2 Qd1+ 52.
Kc3 Qa1+ 53. Kb4 Qb1+ 54. Ka5 Qg6 55. Rd7+ Kh6 56. Qf8+ Kg5 57. Qf4# 1-0

[Event "Pere Noel U1800"]
[Site "Montreal CAN"]
[Date "2022.12.27"]
[Round "2.37"]
[White "Raduica, Gheorghe"]
[Black "Hu, Richard"]
[Result "1/2-1/2"]
[WhiteElo "1412"]
[BlackElo "1201"]
[PlyCount "128"]
[EventDate "2022.12.27"]
[EventType "swiss"]
[EventRounds "5"]
[EventCountry "CAN"]

1. e4 c5 2. Nf3 d6 3. d4 cxd4 4. Nxd4 Nf6 5. Bb5+ Bd7 6. Nc3 Nc6 7. O-O g6 8.
Nxc6 Bxc6 9. Bxc6+ bxc6 10. Be3 Bg7 11. h3 a6 12. Qd3 O-O 13. Rad1 Qc7 14. Na4
c5 15. b3 Qc6 16. Nc3 Rac8 17. Nd5 Nxd5 18. exd5 Qb7 19. c4 a5 20. a4 Rb8 21.
Rb1 Qc7 22. Rfe1 Rb6 23. Bd2 Rbb8 24. Bg5 Rfe8 25. Re2 h6 26. Bd2 Rb7 27. Re3
Qd8 28. Rf3 Rf8 29. Qe2 Re8 30. Qe1 Ra7 31. Qc1 h5 32. Bg5 Be5 33. Bf4 Bg7 34.
Qd2 Qb6 35. Qd3 Qd8 36. Re1 Rb7 37. Bd2 Qc7 38. Qc2 Qd8 39. Bc3 Rf8 40. Bxg7
Kxg7 41. Qc3+ Kg8 42. Rg3 Rb4 43. Qe3 Qb6 44. Qf3 h4 45. Rg4 Rxb3 46. Re3 Rxe3
47. Qxe3 Re8 48. Rxh4 Qb1+ 49. Kh2 Qa1 50. Qh6 Qg7 51. Qd2 Ra8 52. Re4 Kf8 53.
Qe1 Ra7 54. Qb1 Ra8 55. Qb7 Re8 56. Qc7 Qc3 57. Qd7 Qb2 58. f3 Qd2 59. Rh4 Qb2
60. Qc7 Qe5+ 61. f4 Qf6 62. Rg4 Qc3 63. Rh4 Qf6 64. Rg4 Qc3 1/2-1/2

[Event "Pere Noel U1800"]
[Site "Montreal CAN"]
[Date "2022.12.27"]
[Round "2.38"]
[White "Tremblay, Xavier"]
[Black "Campeau, Eric"]
[Result "1-0"]
[WhiteElo "1213"]
[BlackElo "1411"]
[PlyCount "99"]
[EventDate "2022.12.27"]
[EventType "swiss"]
[EventRounds "5"]
[EventCountry "CAN"]

1. e4 c5 2. Nf3 d6 3. d4 cxd4 4. Nxd4 Nf6 5. Nc3 a6 6. Be2 e6 7. O-O Be7 8. Be3
O-O 9. f4 Qc7 10. Qe1 Nbd7 11. Qg3 Nc5 12. Bf3 Rb8 13. Rae1 Rd8 14. f5 e5 15.
Bh6 Bf8 16. Nb3 Kh8 17. Bg5 Be7 18. Bxf6 Bxf6 19. Nd5 Qc6 20. Rd1 Nd7 21. Rf2
Nb6 22. Nxf6 gxf6 23. Qh4 Kg7 24. Rd3 Rg8 25. Rc3 Qd7 26. Rd3 Qe7 27. Na5 Bd7
28. Rfd2 Nc8 29. Qe1 b6 30. Nb3 Bb5 31. Rc3 Rb7 32. Be2 Bxe2 33. Qxe2 a5 34.
Qc4 Rd8 35. Rdd3 Na7 36. Rg3+ Kh8 37. Qe2 Rg8 38. Rh3 Rbb8 39. Nd2 Rg7 40. Qh5
Rbg8 41. Rcg3 Nc6 42. Nc4 b5 43. Ne3 Nb8 44. Nd5 Qd8 45. Rh4 Nd7 46. Kf1 Nf8
47. Rgh3 b4 48. Qh6 a4 49. Nxf6 d5 50. Qxh7+ 1-0

[Event "Pere Noel U1800"]
[Site "Montreal CAN"]
[Date "2022.12.28"]
[Round "3.25"]
[White "Deboosere, Adam"]
[Black "Sanders, Marcus"]
[Result "1-0"]
[WhiteElo "1750"]
[BlackElo "1341"]
[PlyCount "55"]
[EventDate "2022.12.27"]
[EventType "swiss"]
[EventRounds "5"]
[EventCountry "CAN"]

1. d4 d5 2. Nf3 Nf6 3. e3 c6 4. c4 e6 5. Nbd2 Nbd7 6. Bd3 Bd6 7. O-O O-O 8. e4
dxe4 9. Nxe4 Nxe4 10. Bxe4 Nf6 11. Bc2 c5 12. Bg5 cxd4 13. Qd3 g6 14. Qxd4 Be7
15. Qh4 h6 16. Qxh6 Ng4 17. Qh4 Bxg5 18. Nxg5 Nf6 19. Rad1 Qe7 20. Qh6 Re8 21.
Ba4 Rd8 22. Rxd8+ Qxd8 23. Rd1 Qf8 24. Qh4 e5 25. Nh7 Qe7 26. Nxf6+ Kg7 27.
Nh5+ Kf8 28. Rd8+ 1-0

[Event "Pere Noel U1800"]
[Site "Montreal CAN"]
[Date "2022.12.28"]
[Round "3.26"]
[White "Harper, Jonathan"]
[Black "Brassard, Sylvain"]
[Result "1-0"]
[WhiteElo "1611"]
[BlackElo "1688"]
[PlyCount "35"]
[EventDate "2022.12.27"]
[EventType "swiss"]
[EventRounds "5"]
[EventCountry "CAN"]

1. e4 d5 2. exd5 Nf6 3. Bb5+ Bd7 4. Bc4 c6 5. dxc6 Nxc6 6. Nc3 e5 7. d3 Bg4 8.
f3 Bh5 9. Nge2 Bb4 10. Bd2 O-O 11. Ne4 Bxd2+ 12. Qxd2 Nxe4 13. fxe4 Bxe2 14.
Qxe2 Nd4 15. Qf2 Qa5+ 16. c3 Nb5 17. Qc5 a6 18. Qxe5 1-0

[Event "Pere Noel U1800"]
[Site "Montreal CAN"]
[Date "2022.12.28"]
[Round "3.27"]
[White "Guillemette, Thomas"]
[Black "Baran, Marius"]
[Result "0-1"]
[WhiteElo "1374"]
[BlackElo "1726"]
[PlyCount "90"]
[EventDate "2022.12.27"]
[EventType "swiss"]
[EventRounds "5"]
[EventCountry "CAN"]

1. e4 c5 2. d4 cxd4 3. c3 d5 4. exd5 Qxd5 5. Nf3 Nc6 6. Nxd4 e5 7. Nb5 Qxd1+ 8.
Kxd1 Bg4+ 9. f3 O-O-O+ 10. Nd2 Be6 11. b4 Nf6 12. a4 g6 13. Kc2 a6 14. Na3 Bf5+
15. Kb3 Bh6 16. Ra2 e4 17. fxe4 Nxe4 18. Nxe4 Bxc1 19. Nc5 Be3 20. Nxa6 bxa6
21. Bxa6+ Kc7 22. a5 Be6+ 23. c4 Rd3+ 24. Ka4 Nd4 25. b5 Nb3 26. b6+ Kb8 27. c5
Nxc5+ 28. Kb5 Bxa2 29. Nc2 Nxa6 30. Nxe3 Rb3+ 31. Kxa6 Rxe3 32. Rc1 Rc8 33.
Rxc8+ Kxc8 34. Ka7 Bd5 35. a6 Rb3 36. h4 Bxg2 37. h5 gxh5 38. b7+ Bxb7 39.
axb7+ Rxb7+ 40. Ka8 Rb1 41. Ka7 h4 42. Ka6 h3 43. Ka5 h2 44. Ka6 h1=Q 45. Ka5
Qa8# 0-1

[Event "Pere Noel U1800"]
[Site "Montreal CAN"]
[Date "2022.12.28"]
[Round "3.28"]
[White "Kozlov, Guennadi"]
[Black "Bedard, Michel"]
[Result "1-0"]
[WhiteElo "1696"]
[BlackElo "1651"]
[PlyCount "121"]
[EventDate "2022.12.27"]
[EventType "swiss"]
[EventRounds "5"]
[EventCountry "CAN"]

1. c4 c5 2. g3 Nc6 3. Nc3 g6 4. Bg2 Bg7 5. Nf3 Nf6 6. O-O O-O 7. d3 d6 8. a3
Rb8 9. Rb1 a5 10. Bd2 Bd7 11. Nb5 Ng4 12. Qc1 Nge5 13. Bh6 Nxf3+ 14. Bxf3 Ne5
15. Bg2 Bc6 16. Bxg7 Kxg7 17. Qc3 Bxg2 18. Kxg2 f6 19. b4 axb4 20. axb4 b6 21.
Ra1 Nc6 22. bxc5 bxc5 23. Ra3 Ra8 24. Rfa1 Rxa3 25. Qxa3 Qb8 26. Qa6 Nb4 27.
Qa7 Nc6 28. Qd7 Qc8 29. Qxc8 Rxc8 30. Ra6 Kf7 31. Rb6 h5 32. Rb7 Kf8 33. h4 Ra8
34. Nc7 Rb8 35. Rb5 Rc8 36. Nd5 Rb8 37. e3 Kf7 38. Kf3 Ne5+ 39. Ke2 Ra8 40. Rb7
Ra2+ 41. Kf1 Nxd3 42. Rxe7+ Kf8 43. f4 Rf2+ 44. Kg1 Rc2 45. Re6 Rxc4 46. Rxf6+
Kg7 47. Rxd6 Rc1+ 48. Kg2 c4 49. Rc6 Ne1+ 50. Kf2 Nd3+ 51. Kf3 Rf1+ 52. Ke4 Nb2
53. Rc7+ Kh6 54. Nf6 g5 55. Ng8+ Kg6 56. hxg5 Nd1 57. Ne7+ Kf7 58. Nf5+ Kf8 59.
g6 Nf2+ 60. Ke5 Ng4+ 61. Ke6 1-0